| Tag |
First Indicator |
Second Indicator |
Subfields |
| LEADER |
00000cam a2200000 4500 |
| 001 |
in00000221821 |
| 005 |
20151009065738.0 |
| 008 |
700402s1970 mauch b 00110 eng |
| 010 |
|
|
|a 76096843
|
| 035 |
|
|
|a (OCoLC)00062828
|
| 035 |
|
|
|9 AAY4569AM
|
| 040 |
|
|
|a DLC
|c DLC
|d TXA
|d UtOrBLW
|
| 049 |
|
|
|a TXAM
|c [851384]
|
| 050 |
0 |
0 |
|a KF334.N4
|b A845
|
| 082 |
0 |
|
|a 340/.062/7471
|
| 100 |
1 |
|
|a Martin, George Whitney.
|
| 245 |
1 |
0 |
|a Causes and conflicts ;
|b the centennial history of the Association of the Bar of the City of New York, 1870-1970 /
|c [by] George Martin.
|
| 264 |
|
1 |
|a Boston :
|b Houghton Mifflin,
|c 1970.
|
| 300 |
|
|
|a xviii, 436 pages :
|b facsimiles, portraits ;
|c 24 cm.
|
| 336 |
|
|
|a text
|b txt
|2 rdacontent
|
| 337 |
|
|
|a unmediated
|b n
|2 rdamedia
|
| 338 |
|
|
|a volume
|b nc
|2 rdacarrier
|
| 504 |
|
|
|a Bibliography: pages [417]-420.
|
| 610 |
2 |
0 |
|a Association of the Bar of the City of New York
|x History.
|
| 999 |
|
|
|a MARS
|
| 999 |
f |
f |
|s ba4429c1-e2fa-35a0-a2eb-5dda13907080
|i 04ee78ab-6586-36fa-8034-319183735d5c
|t 0
|
| 952 |
f |
f |
|p ric
|a Texas A&M University
|b Rellis Campus
|c Joint Library Facility
|d Remote Storage
|t 0
|e KF334.N4 A845
|h Library of Congress classification
|i unmediated -- volume
|m A14803158639
|
| 998 |
f |
f |
|a KF334.N4 A845
|t 0
|l Remote Storage
|